Normal view
MARC view
Entry Topical Term
001 - CONTROL NUMBER
- control field: 26249
003 - CONTROL NUMBER IDENTIFIER
- control field: OSt
005 - DATE AND TIME OF LATEST TRANSACTION
- control field: 20260521121035.0
008 - FIXED-LENGTH DATA ELEMENTS
- fixed length control field: 260521|| aca||aabn | a|a d
040 ## - CATALOGING SOURCE
- Original cataloging agency: OSt
- Transcribing agency: OSt
150 ## - HEADING--TOPICAL TERM
- Topical term or geographic name entry element: Japan---Social life and cutoms
670 ## - SOURCE DATA FOUND
- Source citation: Work cat.: (OSt)22808: Akutagawa Ryunosuke. 26247, Rashmon And Seventeen Other Stories., 2006
